NBA Players from Southern Illinois - Statistics

General Stats
  • This quiz has been taken 7 times
  • The average score is 5 of 10
Answer Stats
Position Player Draft Year % Correct
PG Walt Frazier 1967
80%
G Chico Vaughn 1962
60%
G Chris Carr 1995
60%
G Mike Glenn 1977
60%
G Troy Hudson 1997
60%
F Ashraf Amaya 1993
40%
G Dick Garrett 1969
40%
FC Joe C. Meriweather 1975
40%
C Antonio Harvey 1993
20%
SG Nate Hawthorne 1973
20%
No matching quizzes found
Score Distribution
Percent of People with Each Score
Percentile by Number Answered
Your Score History
You have not taken this quiz